| 000 | 00640nam a2200217 i 4500 | ||
|---|---|---|---|
| 001 | 35832 | ||
| 003 | ES-MaACL | ||
| 005 | 20230906155226.0 | ||
| 007 | t| | ||
| 008 | 030214s1986 sp ||||1| spa d | ||
| 020 | _a84-339-1279-8 | ||
| 100 | 1 |
_aBradbury, Malcolm. _931248 |
|
| 245 | 1 | 0 |
_aInstalado en la cresta de la ola / _cMalcolm Bradbury ; traducción de Carlos Gardini. |
| 260 |
_aBarcelona : _bAnagrama, _c[1986] |
||
| 300 |
_a291 p. ; _c20 cm. |
||
| 490 | 1 |
_aContraseñas ; _v79 |
|
| 700 | 1 |
_aGardini, Carlos. _955503 |
|
| 830 | 0 |
_aContraseñas ; _v79 _9179727 |
|
| 852 |
_aES-MaACL _jL-11275 _bR.111664 |
||
| 999 |
_c35832 _d35832 |
||